000 01162nam a22002777a 4500
005 20170124103033.0
010 _aB-136971
020 _c250.00
_a8188134198
035 _aB-136971
037 _bCen Lib/Ret
040 _aDPL
_bHN
082 _a823.08
_bवेश्यसी
100 _aवेश्य , सीमा
_964628
245 _aमुझे चाँद चाहिए /
_c सीमा वेश्य
246 _aMujhe chand chahiye
_b by Seema Veshya
260 _a नई दिल्ली
_bसत्यम पब्लिशिंग हाउस
_c2005
270 _aएन.-3/25, मोहन गार्डन
_bनई दिल्ली
_e110059
300 _a126पृष्ठ.
_c20सेमी(सजिल्द)
490 _a
500 _aआधार ग्रन्थ सूची शामिल
650 _aहिंदी साहित्य
_964630
650 _aहिंदी उपन्यास का स्वरुप
_910161
650 _aHindi literature
_964633
650 _aHindi novel form
_964634
942 _2ddc
_cHN
_h823.08
_mवैश्यसी
999 _c116065
_d116065